Arab art: the complete plates from L'art arabe and the oriental album

Salvato in:
Dettagli Bibliografici
Autore principale: Prisse d'Avennes, Emile (Autore)
Natura: Libro
Lingua:inglese
tedesco
francese
Pubblicazione: Colonia Taschen 2010
Serie:Classics
Soggetti:
Tags: Aggiungi Tag
Nessun Tag, puoi essere il primo ad aggiungerne!!

MARC

LEADER 00000cam a2200000 a 4500
001 UCF2958
003 CL-VaPUC
008 120914e20100000GW |||||||||||||||||eng|d
020 |a 9783836519830 
041 0 7 |a eng  |2 CL-VaPUC 
041 0 7 |a ger  |2 CL-VaPUC 
041 0 7 |a fre  |2 CL-VaPUC 
082 0 4 |a 745.44917671  |b PRI  |2 21 
100 0 |a Prisse d'Avennes, Emile  |e author  |9 564833 
245 1 0 |a Arab art: the complete plates from L'art arabe and the oriental album 
246 1 0 |a Arabische Kunst: Sämtliche Tafeln aus L'art arabe und oriental album 
246 1 2 |a L'art arabe: toutes les planches de L'art arabe et de l'oriental album 
300 |a 392 p 
942 |c BK 
945 |d 20120914 00:00:00  |a cmena 
260 |a Colonia  |b Taschen  |c 2010 
650 0 |a Arte islámico (musulmán)  |9 314239 
650 0 |a Historia del arte  |9 314877 
650 0 |a Diseño artístico  |9 330956 
650 0 |a Diseño arquitectónico   |9 265271 
583 |a last modification  |c 20120914 00:13:00  |k Rodrigo Vera 
490 0 |a Classics 
999 |c 349496  |d 349494 
952 |0 0  |1 0  |4 0  |6 745_449176710000000_PRI_2010  |7 0  |8 A  |9 452122  |a BIBGIM  |b BIBGIM  |d 2019-11-22  |i 4909631  |o 745.44917671 PRI 2010  |p 4909631  |r 2025-01-15  |w 2019-11-22  |y BK  |k ARA 
952 |0 0  |1 0  |4 0  |6 745_449176710000000_PRI_2010  |7 0  |8 A  |9 452123  |a BIBGIM  |b BIBGIM  |d 2019-11-22  |i 490964K  |o 745.44917671 PRI 2010  |p 490964K  |r 2025-01-15  |w 2019-11-22  |y BK  |k ARA